| 000 | 01632nam a2200313 i 4500 | ||
|---|---|---|---|
| 003 | EG-GICUC | ||
| 005 | 20260121101156.0 | ||
| 008 | 251108s1991 ua ||||fr|||| 00| 0 ara d | ||
| 017 | _a1990/9547 | ||
| 040 |
_a EG-GICUC _bara _c EG-GICUC _d EG-GICUC _erda |
||
| 041 | 0 | _aara | |
| 082 | 0 | 4 |
_221 _a345.062 _bع ب . ق |
| 092 | 0 | 4 | _221 |
| 099 | _aLaw1 07 345.062 ع ب . ق 1991 | ||
| 100 | 0 |
_aعبدالغنى بسيونى عبدالله _eمؤلف. |
|
| 245 | 1 | 2 |
_a القانون الإداري : _bدراسة مقارنة لأسس ومبادىء القانون الاداري وتطبيقها في مصر / _cدكتور عبدالغنى بسيونى عبدالله. |
| 264 | 3 |
_aالاسكندرية : _bمنشأة معارف, _c1991. |
|
| 300 |
_a686 صفحة ؛ _c24 سم |
||
| 336 |
_2rda content _atext |
||
| 337 |
_2rda media _aComputer |
||
| 338 |
_2rda carrier _aOnline Resource |
||
| 504 | _aيشتمل على إرجاعات ببليوجرافية. | ||
| 505 | _aالتعريف بالقانون الاداري المركزية الادارية اللامركزية الادارية - التركيز وعدم التركيز الاداري -عمال السلطة الادارية - الضبط الاداري - المرافق القرارات الادارية - العقود الادارية - أموال السلطة الادارية - امتيازات السلطة الادارية العامة | ||
| 546 | _aالنص باللغة العربية | ||
| 650 | 1 | 4 | _aالقانون الادارى |
| 856 | 4 | 0 | _uhttps://fll.law.cu.edu.eg/fulltext/bks/B07-00833.pdf |
| 905 |
_a47 _eHassnaa |
||
| 942 |
_2ddc _cBK _e21 _n0 |
||
| 999 |
_c41707 _d41707 |
||